000 00617nam a2200229Ia 4500
003 OSt
005 20220918174159.0
006 a|||||r|||| 00| 0
007 ta
008 220917b |||||||| |||| 00| 0 eng d
024 _a10,841
037 _cTextual
040 _aARTS
_cARTS
_beng
041 _2eng
_aeng
082 _aY1:1.2.C, K2
100 _aKosambi D D
245 0 _aMyth and reality
_b Studies in the formation of Indian culture
260 _aBombay
_bPopular Prakashan
_c1962
650 _aSOCIOLOGY
942 _hY1:1.2.C, K2
_cTEXL
_2CC
999 _c152066
_d152066